| 000 | 00701 a2200241 4500 | ||
|---|---|---|---|
| 999 |
_c10188 _d10188 |
||
| 020 | _a0091915406 | ||
| 050 | _aPR6070 THO 1999 | ||
| 100 |
_aThomas, Leslie _eauthor |
||
| 245 |
_aOther times / _cLeslie Thomas |
||
| 264 |
_aLondon : _bArrow Books, _c1999 |
||
| 300 | _a497pages : | ||
| 500 | _aFiction War stories | ||
| 650 | _aGreat Britain. Army | ||
| 650 |
_aArmed forces _xOfficers |
||
| 650 | _aChildren | ||
| 650 | _aSoldiers | ||
| 650 |
_aMilitary operations, Aerial _xBritish |
||
| 650 |
_aGreat Britain -- Army -- Officers _xFiction |
||
| 650 |
_aChildren -- England _xFiction |
||
| 650 |
_aWorld War, 1939 - 1945 _xFiction |
||
| 651 | _aEngland | ||
| 942 |
_2lcc _cBK _h6070 _iTHO _kPR |
||